000
00187 a2200097 4500
020
_a
9780062068248
041
_a
eng
100
_a
Laura Geringer
245
_a
A three hat day
942
_c
BK
999
_c
10399
_d
10399